| 000 | 00530nam a22001817a 4500 | ||
|---|---|---|---|
| 005 | 20251108172333.0 | ||
| 008 | 250721s1991 xx 000 0 ara d | ||
| 082 | 1 | 4 | _a907.2/دسو |
| 100 | 1 | _aالدسوقي، عاصم | |
| 245 | 1 | 0 |
_aالبحث في التاريخ : _bقضايا المنهج و الإشكالات / |
| 264 | 1 |
_aبيروت : _bدار الجيل، _c1991. |
|
| 300 | _a230ص | ||
| 650 | 1 | 7 | _aعلم التاريخ |
| 650 | 1 | 7 | _aالبحث |
| 650 | 1 | 7 | _aالتأريخ |
| 942 |
_2ddc _cBK |
||
| 999 |
_c76564 _d76564 |
||